Songs in Rock of Ages - Statistics

General Stats
  • This quiz has been taken 111 times
  • The average score is 10 of 20
Answer Stats
Artist Song % Correct
20. Journey Don't Stop Believin'
82%
19. Starship/Twisted Sister We Built This City/We're Not Gonna Take It
70%
10. Def Leppard Pour Some Sugar on Me
60%
2. Night Ranger/David Lee Roth/Poison Sister Christian/Just Like Paradise/Nothin' but a Good Time
60%
13. Whitesnake Here I Go Again
59%
17. Poison Every Rose Has Its Thorn
56%
4. Pat Benatar Hit Me with Your Best Shot
56%
7. Bon Jovi Wanted Dead or Alive
55%
1. Guns N' Roses Paradise City
53%
6. Extreme/Warrant More Than Words/Heaven
51%
9. Twisted Sister I Wanna Rock
48%
11. Quarterflash Harden My Heart
41%
8. Foreigner I Want to Know What Love Is
40%
18. Scorpions Rock You Like a Hurricane
40%
3. Foreigner/The Arrows Juke Box Hero/I Love Rock 'n' Roll
38%
15. Journey Any Way You Want It
37%
14. REO Speedwagon Can't Fight This Feeling
33%
5. Foreigner Waiting for a Girl (Boy) Like You
32%
12. Pat Benatar/Quarterflash Shadows of the Night/Harden My Heart
22%
16. Diego Boneta (Original) Undercover Love
19%
No matching quizzes found
Score Distribution
Percent of People with Each Score
Percentile by Number Answered
Your Score History
You have not taken this quiz